Sports Quiz

Random Sports or NFL Quiz

Top 100 Single-Season Rushing Yards/Game Quiz Stats

 Plays Quiz not verified by Sporcle

Score 0/100 Timer 07:00
0 Plays Today
Y/G Player % Correct
110.8Emmitt Smith
96.8%
107.1Emmitt Smith
96.8%
106.1Emmitt Smith
96.8%
98.9Emmitt Smith
96.8%
97.7Emmitt Smith
96.8%
133.1Jim Brown
96.4%
127.3Jim Brown
96.4%
110.8Jim Brown
96.4%
110.3Jim Brown
96.4%
104.8Jim Brown
96.4%
103.3Jim Brown
96.4%
101.3Larry Brown
96.4%
100.6Jim Brown
96.4%
97Chris Brown
96.4%
125.4Chris Johnson
93.8%
111.8Larry Johnson
93.8%
109.4Larry Johnson
93.8%
132.3Walter Payton
91.6%
128.3Barry Sanders
91.6%
117.7Barry Sanders
91.6%
105.3Walter Payton
91.6%
103.2Barry Sanders
91.6%
102.3Spec Sanders
91.6%
101.4Barry Sanders
91.6%
100.6Walter Payton
91.6%
99.3Walter Payton
91.6%
98Barry Sanders
91.6%
97.1Barry Sanders
91.6%
96.9Walter Payton
91.6%
113.4LaDainian Tomlinson
90.9%
105.2LaDainian Tomlinson
90.9%
102.8LaDainian Tomlinson
90.9%
143.1O.J. Simpson
90.3%
131.6Eric Dickerson
90.3%
Y/G Player % Correct
129.8O.J. Simpson
90.3%
113.8Eric Dickerson
90.3%
113Eric Dickerson
90.3%
107.4O.J. Simpson
90.3%
112.3Eric Dickerson
90.3%
103.7Eric Dickerson
90.3%
129.1Jamal Lewis
89.9%
125.5Terrell Davis
89.9%
116.7Terrell Davis
89.9%
103.1Stephen Davis
89.9%
100.4Stephen Davis
89.9%
117.5Shaun Alexander
88%
106Shaun Alexander
88%
110Adrian Peterson
87.3%
107.1Adrian Peterson
87.3%
102.4Julius Jones
85.7%
98.7Marshall Faulk
84.4%
97.1Marshall Faulk
84.4%
115.8Ricky Williams
83.1%
100Ricky Williams
83.1%
111Jerome Bettis
82.5%
97.5Jerome Bettis
82.5%
115.4Priest Holmes
81.8%
111.5Priest Holmes
81.8%
97.2Priest Holmes
81.8%
106.8Edgerrin James
81.2%
100.4Edgerrin James
81.2%
97.1Edgerrin James
81.2%
96.8Edgerrin James
81.2%
96.8Edgerrin James
81.2%
116.3Tiki Barber
79.5%
103.9Tiki Barber
79.5%
106.1Curtis Martin
78.2%
117.7Ahman Green
76.9%
Y/G Player % Correct
109.9Marcus Allen
76.6%
115.4Jamal Anderson
76.3%
100.3Ottis Anderson
76.3%
122.4Clinton Portis
74.7%
109Corey Dillon
73.4%
128.9Earl Campbell
72.4%
106.1Earl Campbell
72.4%
96.7Earl Campbell
72.4%
107.6Fred Taylor
71.1%
105.3Jim Taylor
71.1%
98.3Fred Taylor
71.1%
108Arian Foster
64.3%
105.6Barry Foster
64.3%
105.9Frank Gore
62%
102.9Tony Dorsett
60.4%
106.2Michael Turner
58.8%
102.6Deuce McAllister
53.9%
101.1Joe Morris
43.2%
98.1Garrison Hearst
39.3%
107.4Gerald Riggs
38.3%
99.1Gerald Riggs
38.3%
98.7Christian Okoye
35.1%
96.2Cedric Benson
34.4%
102.6Billy Sims
31.5%
104.6George Rogers
30.2%
96.6Chris Warren
27.6%
97.9William Andrews
19.5%
96.5James Wilder
17.5%
96.8Don Woods
15.9%
96.6Olandis Gary
13.6%
104.1Jim Nance
10.4%
100.5Otis Armstrong
8.1%

You're not logged in!

Compare scores with friends on all Sporcle quizzes.
OR
Log In

Show Comments

Extras

Top Quizzes Today


Score Distribution

Your Account Isn't Verified!

In order to create a playlist on Sporcle, you need to verify the email address you used during registration. Go to your Sporcle Settings to finish the process.

Report this User

Report this user for behavior that violates our Community Guidelines.

Details: